ბათუმის შოთა რუსთაველის სახელმწიფო უნივერსიტეტის ბიბლიოთეკა

ქართული ხელნაწერი წიგნი. V-XIX საუკუნეები = Georgian manuscript book, 5 th-19 th centures : (ბიბ.ჩანაწერი № 39387)

000 -ლიდერი
ფიქსირებული სიგრძის საკონტროლო ველი 01566nam a2200289Ia 4500
001 - საკონტროლო ნომერი
საკონტროლო ველი 5976
003 - საკონტროლო ნომრის იდენტიფიკატორი
საკონტროლო ველი GE_BSU
005 - ბოლო ოპერაციის თარიღი და დრო
საკონტროლო ველი 20191031101832.0
008 - ფიქსირებული სიგრძის მონაცემთა ელემენტები - ზოგადი ინფორმაცია
ფიქსირებული სიგრძის საკონტროლო ველი 181216s||||||||xx |||||||||||||| ||und||
020 ## - წიგნის საერთაშორისო სტანდარტული ნომერი
International Standard Book Number 9789941928444
040 ## - კატალოგიზაციის წყარო
Transcribing agency GE_BSU
041 ## - ენის კოდი
Language code of text/sound track or separate title geo
080 ## - უნივერსალური ათობითი კლასიფიკაციის ინდექსი
Universal Decimal Classification number 09(479.22) ქ-51
245 ## - ცნობა სათაურის შესახებ
Title ქართული ხელნაწერი წიგნი. V-XIX საუკუნეები = Georgian manuscript book, 5 th-19 th centures :
Remainder of title ალბომი /
Statement of responsibility, etc შემდგ.: მაია კარანაძე და სხვ. ; ნესტან ჩხიკვაძის რედ. ; ფოტოები მირიან კილაძე.
264 ## - წარმოების, გამოცემის, დისტრიბუციის და სხვა ცნობები
გამოცემის, წარმოების, დისტრიბუციის... ადგილი თბილისი,
გამოცემის, წარმოების, დისტრიბუციის... თარიღი 2012
300 ## - ფიზიკური აღწერა
Extent 188 გვ.:
Other physical details ილ. ;
Dimensions 27 სმ.
500 ## - ზოგადი შენიშვნა
General note პარალ. თავფურ., ყდა ქართ. და ინგლ..
653 ## - INDEX TERM--UNCONTROLLED
Uncontrolled term ქართული ხელნაწერი
653 ## - INDEX TERM--UNCONTROLLED
Uncontrolled term ალბომები
700 ## - ADDED ENTRY--PERSONAL NAME
Personal name კარანაძე, მაია
Relator term შემდგენელი
9 (RLIN) 5136
700 ## - ADDED ENTRY--PERSONAL NAME
Personal name შათირიშვილი, ლელა
Relator term შემდგენელი
9 (RLIN) 5137
700 ## - ADDED ENTRY--PERSONAL NAME
Dates associated with a name ჩხიკვაძე, ნესტან
Relator term შემდგ.-რედაქტორი
9 (RLIN) 5138
700 ## - ADDED ENTRY--PERSONAL NAME
Personal name აბულაძე, თამარ
Relator term შემდგენელი
9 (RLIN) 5139
700 ## - ADDED ENTRY--PERSONAL NAME
Personal name კილაძე, მირიან
Relator term ფოტო
9 (RLIN) 5140
710 ## - ADDED ENTRY--CORPORATE NAME
Corporate name or jurisdiction name as entry element ხელნაწერთა ეროვნ. ცენტრი
9 (RLIN) 5131
942 ## - ADDED ENTRY ELEMENTS (KOHA)
Koha item type წიგნი
Source of classification or shelving scheme
ეგზემპლარები
ჩამოწერის სტატუსი დაკარგული ეგზემპლარის სტატუსი კლასიფიკაციის წყარო ან თაროზე გაწყობის სქემა დაზიანების სტატუსი არ გაიცემა მუდმივი მდებარეობა (დაცვის ადგილი) ამჟამინდელი ადგილსამყოფელი თაროზე განთავსების ადგილი შეძენის თარიღი სრული შენახვის შიფრი შტრიხკოდი ბოლო ოპერაციის თარიღი ეგზემპლარის მიმდევრობითი ნომერი (კეტერი?) ფასის ძალაში შესვლის თარიღი ეგზემპლარის სახეობა
          ბათუმის შოთა რუსთაველის სახელმწიფო უნივერსიტეტის მთავარი ბიბლიოთეკა ბათუმის შოთა რუსთაველის სახელმწიფო უნივერსიტეტის მთავარი ბიბლიოთეკა წიგნსაცავი 2018-12-17 09(479.22) ქ-51 6632 2018-12-17 6632 2018-12-17 წიგნი